| 000 | 00322cam a2200121ua 4500 | ||
|---|---|---|---|
| 082 |
_a333.794 _bANN/WI |
||
| 100 |
_aAnna mani, . _91487 |
||
| 245 | _aWind Energy Resource Survey in India, Part III, 1994 / | ||
| 250 | _a1 / | ||
| 260 |
_aMumbai : _bAllied Publishers Pvt Ltd , _c1995. |
||
| 300 | _a637 ; . | ||
| 942 | _cREF | ||
| 999 |
_c5467 _d5467 |
||